Sports Quiz

Random Sports or College Quiz

Pac-12 College Towns Quiz Stats

Quiz Updated Dec 15, 2015

Challenge
Share
Tweet
Embed
Score 0/12 Timer 02:00
0 Plays Today
School Location % Correct
UCLALos Angeles, CA
96.6%
University of Southern CaliforniaLos Angeles, CA
96.5%
University of WashingtonSeattle, WA
83.8%
University of ColoradoBoulder, CO
81.7%
University of UtahSalt Lake City, UT
80.2%
Stanford UniversityStanford, CA
78.2%
University of OregonEugene, OR
77.3%
Arizona State UniversityTempe, AZ
74.9%
University of CaliforniaBerkeley, CA
70.9%
University of ArizonaTucson, AZ
67.7%
Oregon State University Corvallis, OR
49.6%
Washington State University Pullman, WA
38.2%

You're not logged in!

Compare scores with friends on all Sporcle quizzes.
Sign Up with Email
OR
Log In

You Might Also Like...

Show Comments

Extras

Top Quizzes Today


Score Distribution

Your Account Isn't Verified!

In order to create a playlist on Sporcle, you need to verify the email address you used during registration. Go to your Sporcle Settings to finish the process.